[Event "Titled Tuesday intern op 03rd Jan Late"]
[Site "Chess.com INT"]
[Date "2025.06.03"]
[Round "2"]
[White "Drygalov, Andrey"]
[Black "Kozionov, Kirill"]
[Result "0-1"]
[WhiteElo "2431"]
[BlackElo "2449"]
[PlyCount "90"]
[EventDate "2025.06.03"]
[EventType "swiss (blitz)"]
[EventRounds "11"]
[EventCountry "USA"]
[SourceTitle "CB24_2025"]
[SourceDate "2025.06.11"]
[SourceVersion "1"]
[SourceVersionDate "2025.06.11"]
[SourceQuality "1"]

1. e4 d5 2. exd5 Nf6 3. d4 Nxd5 4. Nf3 g6 5. c4 Nb6 6. Nc3 Bg7 7. c5 Nd5 8. Bc4 c6 9. h3 0-0 10. Qb3 Nxc3 11. bxc3 b5 12. cxb6 axb6 13. 0-0 b5 14. Bd3 Be6 15. Qc2 Bd5 16. Be4 Nd7 17. Re1 Nf6 18. Bxd5 cxd5 19. Qb3 Ne4 20. Ng5 e5 21. Nxe4 dxe4 22. d5 f5 23. d6+ Kh8 24. Ba3 Qd7 25. Bb4 Rfc8 26. Qd5 Bf6 27. Rad1 Kg7 28. Re2 Ra6 29. Rb2 e3 30. fxe3 e4 31. Bc5 Kh6 32. g4 fxg4 33. Rf1 Bxc3 34. Rf7 Qc6 35. Qxc6 Raxc6 36. d7 Bxb2 37. Bf8+ Kg5 38. Be7+ Kh6 39. Bf8+ Kg5 40. Be7+ Kh6 41. h4 Rc1+ 42. Kg2 R8c2+ 43. Kg3 Be5+ 44. Kxg4 Rg1+ 45. Kh3 Rh2# 0-1

[Event "Titled Tuesday intern op 03rd Jan Late"]
[Site "Chess.com INT"]
[Date "2025.06.03"]
[Round "1"]
[White "Grzesik, Gracjan"]
[Black "Drygalov, Andrey"]
[Result "1-0"]
[WhiteElo "2175"]
[BlackElo "2431"]
[PlyCount "77"]
[EventDate "2025.06.03"]
[EventType "swiss (blitz)"]
[EventRounds "11"]
[EventCountry "USA"]
[SourceTitle "CB24_2025"]
[SourceDate "2025.06.11"]
[SourceVersion "1"]
[SourceVersionDate "2025.06.11"]
[SourceQuality "1"]

1. c4 Nf6 2. Nc3 e5 3. Nf3 Nc6 4. g3 d5 5. cxd5 Nxd5 6. Bg2 Nb6 7. 0-0 Be7 8. a3 0-0 9. b4 Re8 10. d3 Bf8 11. Rb1 Nd4 12. Nd2 c6 13. e3 Nf5 14. Qc2 Nd6 15. Rd1 Bf5 16. Nb3 Qf6 17. Nc5 Qg6 18. N3e4 Rab8 19. Bb2 Bg4 20. Rd2 Nxe4 21. Nxe4 Nd5 22. h3 Bc8 23. Nc5 b6 24. Nb3 Bd7 25. Rc1 Rbc8 26. Rdd1 h5 27. d4 Qxc2 28. Rxc2 e4 29. Nd2 f5 30. Nc4 Re6 31. Ne5 Be8 32. Rdc1 b5 33. Kf1 a6 34. Ke2 Nb6 35. f3 exf3+ 36. Bxf3 h4 37. g4 fxg4 38. Bxg4 Bf7 39. Nxf7 1-0

[Event "Titled Tuesday intern op 03rd Jan Late"]
[Site "Chess.com INT"]
[Date "2025.06.03"]
[Round "4"]
[White "Orshonova, Elena"]
[Black "Drygalov, Andrey"]
[Result "0-1"]
[WhiteElo "1948"]
[BlackElo "2431"]
[PlyCount "68"]
[EventDate "2025.06.03"]
[EventType "swiss (blitz)"]
[EventRounds "11"]
[EventCountry "USA"]
[SourceTitle "CB24_2025"]
[SourceDate "2025.06.11"]
[SourceVersion "1"]
[SourceVersionDate "2025.06.11"]
[SourceQuality "1"]

1. e4 c5 2. Nf3 d6 3. d4 cxd4 4. Nxd4 Nf6 5. Nc3 a6 6. Bg5 e6 7. f4 h6 8. Bh4 Nbd7 9. Be2 Qc7 10. Qd2 b5 11. a3 Bb7 12. Bf3 Nb6 13. 0-0-0 Nc4 14. Qd3 Rc8 15. e5 dxe5 16. Nxe6 fxe6 17. Qg6+ Qf7 18. Qxf7+ Kxf7 19. Bxb7 Rc7 20. Bxa6 exf4 21. Nxb5 Rc6 22. Bb7 Rb6 23. b3 Rxb5 24. Ba6 Bxa3+ 25. Kb1 Rhb8 26. Bxb5 Rxb5 27. Bxf6 gxf6 28. Rd7+ Kg6 29. Rhd1 Ne3 30. R1d2 Bb4 31. Rf2 Bc3 32. Ra7 Rd5 33. Ka2 Rd1 34. Ka3 Ra1# 0-1

[Event "Titled Tuesday intern op 03rd Jan Late"]
[Site "Chess.com INT"]
[Date "2025.06.03"]
[Round "10"]
[White "Rosen, Eric S"]
[Black "Drygalov, Andrey"]
[Result "0-1"]
[WhiteElo "2377"]
[BlackElo "2431"]
[PlyCount "118"]
[EventDate "2025.06.03"]
[EventType "swiss (blitz)"]
[EventRounds "11"]
[EventCountry "USA"]
[SourceTitle "CB24_2025"]
[SourceDate "2025.06.11"]
[SourceVersion "1"]
[SourceVersionDate "2025.06.11"]
[SourceQuality "1"]

1. d4 Nf6 2. Bf4 d5 3. Nf3 e6 4. e3 Bd6 5. Ne5 0-0 6. Nd2 c5 7. c3 Qc7 8. Bd3 Nbd7 9. Ndf3 Ne4 10. 0-0 f6 11. Nxd7 Bxd7 12. Bxe4 dxe4 13. Bxd6 Qxd6 14. dxc5 Qc7 15. Nd2 Bc6 16. Qb3 Bd5 17. c4 Bc6 18. Qc2 f5 19. b4 Qe5 20. Nb3 f4 21. exf4 Rxf4 22. Rae1 Raf8 23. Re3 Qg5 24. Rg3 Qf6 25. Re3 Qg5 26. b5 Be8 27. Rg3 Qf6 28. Qe2 h5 29. Re3 Bg6 30. Nd2 Qe5 31. Nb3 h4 32. h3 Bh5 33. Qd2 Qg5 34. Kh2 Qe5 35. Qd6 Qf6 36. Nd4 Bf7 37. c6 bxc6 38. bxc6 Rd8 39. c5 Rxd6 40. cxd6 Qxd4 41. c7 Qc5 42. Rd1 Be8 43. d7 Bxd7 44. Rxd7 Rf8 45. Rb3 Qe5+ 46. Kg1 Qa1+ 47. Kh2 Qe5+ 48. Kg1 Qf4 49. Rb2 Qc1+ 50. Kh2 Qxb2 51. Rd8 Qe5+ 52. f4 Qxc7 53. Rd1 Qxf4+ 54. Kh1 Qg3 55. Rg1 Rf2 56. a4 e3 57. a5 e2 58. a6 e1Q 59. Rf1 Qxf1# 0-1

[Event "Titled Tuesday intern op 20th May Late"]
[Site "Chess.com INT"]
[Date "2025.05.20"]
[Round "11"]
[White "Drygalov, Andrey"]
[Black "Ghimoyan, Narek"]
[Result "0-1"]
[WhiteElo "2431"]
[BlackElo "2273"]
[PlyCount "102"]
[EventDate "2025.05.20"]
[EventType "swiss (blitz)"]
[EventRounds "11"]
[EventCountry "USA"]
[SourceTitle "CB22_2025"]
[SourceDate "2025.05.28"]
[SourceVersion "1"]
[SourceVersionDate "2025.05.28"]
[SourceQuality "1"]

1. e4 e6 2. d4 d5 3. Nc3 Nf6 4. e5 Nfd7 5. f4 c5 6. Nf3 Nc6 7. Ne2 Be7 8. Be3 0-0 9. g3 a5 10. h4 Qb6 11. Rb1 cxd4 12. Nexd4 Nxd4 13. Nxd4 Nc5 14. Bg2 Qa6 15. Qe2 Bd7 16. Qxa6 Rxa6 17. b3 Rc8 18. Ke2 Ne4 19. Bxe4 dxe4 20. c4 Bc5 21. Rhd1 Bxd4 22. Rxd4 Bc6 23. Rbd1 Raa8 24. a4 h5 25. Kf2 Kh7 26. g4 hxg4 27. Kg3 f5 28. exf6 gxf6 29. Rd6 Re8 30. Kxg4 Rg8+ 31. Kh3 Rg7 32. Rg1 Rxg1 33. Bxg1 Rg8 34. Be3 Kg6 35. Rxe6 Bd7 36. f5+ Kxf5 37. Re7 Bc8 38. h5 Rd8 39. Kg2 Rd3 40. Kf2 Rxb3 41. h6 Rb2+ 42. Ke1 Rh2 43. Rg7 Be6 44. Rxb7 Bxc4 45. h7 Kg4 46. Bd4 e3 47. Bxe3 Bd3 48. Bd4 Bxh7 49. Bxf6 Bd3 50. Kd1 Kf3 51. Be5 Ke4 0-1

[Event "Titled Tuesday intern op 20th May Late"]
[Site "Chess.com INT"]
[Date "2025.05.20"]
[Round "5"]
[White "Drygalov, Andrey"]
[Black "Martinez Alcantara, Jose Eduardo"]
[Result "0-1"]
[WhiteElo "2431"]
[BlackElo "2611"]
[PlyCount "110"]
[EventDate "2025.05.20"]
[EventType "swiss (blitz)"]
[EventRounds "11"]
[EventCountry "USA"]
[SourceTitle "CB22_2025"]
[SourceDate "2025.05.28"]
[SourceVersion "1"]
[SourceVersionDate "2025.05.28"]
[SourceQuality "1"]

1. e4 c5 2. Nf3 d6 3. Bb5+ Nd7 4. 0-0 a6 5. Bd3 e6 6. Re1 Ngf6 7. c3 b6 8. Bc2 Bb7 9. d4 Be7 10. Nbd2 0-0 11. Nf1 Rc8 12. Ng3 b5 13. Qe2 Re8 14. e5 dxe5 15. dxe5 Nd5 16. Qe4 Nf8 17. Qg4 Ng6 18. Ng5 Bxg5 19. Bxg5 Qc7 20. Nh5 Nxe5 21. Rxe5 Qxe5 22. Bf6 Qxf6 23. Nxf6+ Nxf6 24. Qe2 Bd5 25. Rd1 Bxa2 26. b3 c4 27. Bxh7+ Nxh7 28. Qxa2 cxb3 29. Qxb3 Rc6 30. Rd4 Rec8 31. Qd1 Nf8 32. Rd8 Rxd8 33. Qxd8 b4 34. c4 Rxc4 35. g3 e5 36. Qb6 Ne6 37. Qxa6 Rd4 38. Qb6 Kh7 39. Kg2 Kg6 40. Qb5 Kf6 41. h4 g6 42. Qb6 Ke7 43. Qb5 Kd6 44. Kf1 Nc5 45. Qb6+ Kd5 46. Ke2 b3 47. f3 Rc4 48. g4 Rc2+ 49. Kd1 Rc3 50. Ke2 Rc2+ 51. Kd1 Kc4 52. Qc7 Rg2 53. Qxf7+ Kb4 54. Qc7 b2 55. Qb6+ Kc4 0-1

[Event "Titled Tuesday intern op 20th May Late"]
[Site "Chess.com INT"]
[Date "2025.05.20"]
[Round "2"]
[White "Drygalov, Andrey"]
[Black "Przybylski, Bartosz1"]
[Result "1-0"]
[WhiteElo "2431"]
[BlackElo "2107"]
[PlyCount "195"]
[EventDate "2025.05.20"]
[EventType "swiss (blitz)"]
[EventRounds "11"]
[EventCountry "USA"]
[SourceTitle "CB22_2025"]
[SourceDate "2025.05.28"]
[SourceVersion "1"]
[SourceVersionDate "2025.05.28"]
[SourceQuality "1"]

1. e4 c5 2. Nf3 Nc6 3. Bb5 g6 4. Bxc6 dxc6 5. d3 Bg7 6. h3 b6 7. Nc3 e5 8. a3 h6 9. b4 cxb4 10. axb4 Ne7 11. 0-0 Be6 12. Be3 0-0 13. d4 exd4 14. Bxd4 Bc4 15. Re1 g5 16. Bxg7 Kxg7 17. Ne5 Qxd1 18. Nxd1 Be6 19. Ne3 Rfd8 20. c3 c5 21. bxc5 bxc5 22. Ra5 c4 23. Rea1 Ng6 24. N5xc4 Nf4 25. Rxa7 Rxa7 26. Rxa7 Ne2+ 27. Kh2 Nxc3 28. f3 h5 29. Ne5 Kf6 30. Nc6 Rd2 31. Nb4 Ne2 32. Nbd5+ Kg7 33. Nc4 Rc2 34. Ne5 Rd2 35. Rc7 Rb2 36. Nd3 Rd2 37. Nc5 Bxd5 38. exd5 Nf4 39. Ne6+ Kf6 40. Nxf4 gxf4 41. Rc6+ Kg5 42. d6 f6 43. Rb6 Kg6 44. Kg1 h4 45. Kf1 Kf7 46. Rb7+ Kg6 47. Rb6 Kf7 48. Rb4 Rd1+ 49. Ke2 Rg1 50. Kf2 Rd1 51. Rxf4 Rd2+ 52. Kg1 Rxd6 53. Rxh4 f5 54. Kh2 Kg6 55. Ra4 Rd2 56. Kg3 Kg5 57. h4+ Kh5 58. Ra5 Kg6 59. Ra6+ Kh5 60. Rf6 Rd5 61. Kf4 Rd4+ 62. Kxf5 Kxh4 63. Rg6 Kh5 64. Rg8 Rd5+ 65. Ke4 Rd7 66. Kf4 Kh6 67. Kg3 Kh7 68. Rg4 Kh6 69. Kh3 Kh5 70. g3 Rd1 71. f4 Rh1+ 72. Kg2 Ra1 73. Rg5+ Kh6 74. Kh3 Rh1+ 75. Kg4 Rg1 76. Ra5 Rb1 77. Ra6+ Kg7 78. Kg5 Rb5+ 79. f5 Rb7 80. g4 Kg8 81. Rg6+ Kh7 82. Rh6+ Kg7 83. f6+ Kg8 84. Kh5 Rb5+ 85. g5 Rb7 86. Kg6 Rg7+ 87. Kf5 Rb7 88. Rh3 Rb5+ 89. Kg6 Rb8 90. Rd3 Rf8 91. Rd7 Kh8 92. Kh6 Kg8 93. g6 Ra8 94. Rg7+ Kh8 95. Rh7+ Kg8 96. f7+ Kf8 97. Rh8+ Ke7 98. Rxa8 1-0

[Event "Titled Tuesday intern op 04th Mar Early"]
[Site "Chess.com INT"]
[Date "2025.03.04"]
[Round "3"]
[White "Drygalov, Andrey"]
[Black "Fiorito, Francisco"]
[Result "1-0"]
[WhiteElo "2457"]
[BlackElo "2431"]
[PlyCount "69"]
[EventDate "2025.03.04"]
[EventType "swiss (blitz)"]
[EventRounds "11"]
[EventCountry "USA"]
[SourceTitle "CB11_2025"]
[SourceDate "2025.03.12"]
[SourceVersion "1"]
[SourceVersionDate "2025.03.12"]
[SourceQuality "1"]

1. d4 Nf6 2. c4 b6 3. Nf3 Bb7 4. g3 g6 5. Bg2 Bg7 6. 0-0 0-0 7. d5 Na6 8. Nc3 Nc5 9. b4 Nfe4 10. Nxe4 Nxe4 11. Bf4 b5 12. Be5 bxc4 13. Bxg7 Kxg7 14. Ne5 Nf6 15. Nxc4 e6 16. e4 exd5 17. exd5 Ba6 18. Qd4 Bxc4 19. Qxc4 Rb8 20. Rac1 Qe7 21. a3 Rfc8 22. Qc5 Qd6 23. Qxa7 Ra8 24. Qe3 Nxd5 25. Qd4+ Nf6 26. Qxd6 cxd6 27. Bxa8 Rxa8 28. Rc3 Ne4 29. Rd3 d5 30. Ra1 Kf6 31. Rxd5 Ke6 32. Rd3 d5 33. a4 Nd6 34. b5 Nxb5 35. Re1+ 1-0

[Event "Titled Tuesday intern op 04th Mar Early"]
[Site "Chess.com INT"]
[Date "2025.03.04"]
[Round "8"]
[White "Naroditsky, Daniel"]
[Black "Drygalov, Andrey"]
[Result "1-0"]
[WhiteElo "2619"]
[BlackElo "2457"]
[PlyCount "111"]
[EventDate "2025.03.04"]
[EventType "swiss (blitz)"]
[EventRounds "11"]
[EventCountry "USA"]
[SourceTitle "CB11_2025"]
[SourceDate "2025.03.12"]
[SourceVersion "1"]
[SourceVersionDate "2025.03.12"]
[SourceQuality "1"]

1. Nf3 d5 2. g3 Nf6 3. Bg2 e6 4. 0-0 Be7 5. b3 0-0 6. Bb2 b6 7. c4 Bb7 8. cxd5 exd5 9. d4 Nbd7 10. Nc3 a6 11. Rc1 Bd6 12. Rc2 Qe7 13. e3 Rfe8 14. Ne2 Ne4 15. Nf4 a5 16. Ne5 Ndf6 17. Nfd3 c5 18. dxc5 bxc5 19. Ng4 Nd7 20. Nf4 Bxf4 21. exf4 Qe6 22. Re1 f5 23. Ne3 d4 24. Nc4 Qf6 25. Rce2 Ba6 26. Qc2 Rad8 27. Bxe4 fxe4 28. Rxe4 Rxe4 29. Qxe4 Nf8 30. Nxa5 Bb5 31. Qb7 Be8 32. Qc7 h5 33. Qxc5 h4 34. Nb7 Ne6 35. Qe5 Qxe5 36. Rxe5 Rd7 37. Rxe6 Bf7 38. Nc5 d3 39. Re1 d2 40. Rd1 Re7 41. Rxd2 h3 42. Be5 Bg6 43. f3 Bh5 44. Kf2 Bg6 45. g4 Kh7 46. Kg3 Ra7 47. a4 Ra8 48. b4 Rc8 49. a5 Be8 50. Kxh3 Bb5 51. Kg3 Kg6 52. Rd6+ Kf7 53. Rb6 Bc4 54. a6 Rh8 55. Rb7+ Kg6 56. f5+ 1-0

[Event "Moscow Aeroflot op-A"]
[Site "Moscow"]
[Date "2025.03.02"]
[Round "3"]
[White "Korobkov, Piotr"]
[Black "Drygalov, Andrey"]
[Result "1-0"]
[WhiteElo "2361"]
[BlackElo "2457"]
[PlyCount "107"]
[EventDate "2025.03.01"]
[EventType "swiss"]
[EventRounds "9"]
[EventCountry "RUS"]
[SourceTitle "CB11_2025"]
[SourceDate "2025.03.12"]
[SourceVersion "1"]
[SourceVersionDate "2025.03.12"]
[SourceQuality "1"]

1. d4 Nf6 2. Bf4 g6 3. Nf3 Bg7 4. Nbd2 0-0 5. c3 d6 6. e4 c5 7. dxc5 dxc5 8. Be2 Nc6 9. 0-0 Nh5 10. Be3 b6 11. Qa4 Qc7 12. Rfd1 Bd7 13. Qa3 Rfd8 14. Rac1 a5 15. b3 Nf4 16. Bb5 Ne5 17. Bxf4 Bxb5 18. Kh1 Qd6 19. Re1 Qe6 20. Nxe5 Bxe5 21. Bxe5 Qxe5 22. Nf3 Qf4 23. Re3 Rd7 24. b4 cxb4 25. cxb4 Rd3 26. Rxd3 Bxd3 27. bxa5 bxa5 28. Re1 Bxe4 29. Qa4 f5 30. Qc4+ Kg7 31. Qd4+ Kh6 32. Kg1 Rc8 33. Nd2 e5 34. Qd7 Rc2 35. Re3 Rc1+ 36. Nf1 Qg4 37. Rh3+ Qxh3 38. gxh3 f4 39. Qd2 Rc5 40. Ng3 Bf3 41. Ne2 Rd5 42. Qc2 e4 43. Kf1 e3 44. fxe3 fxe3 45. Qb3 Re5 46. Qc3 Re8 47. Qxa5 Rb8 48. Qe1 Rf8 49. Qh4+ Bh5+ 50. Ke1 g5 51. Qd4 Re8 52. h4 gxh4 53. Qf6+ Bg6 54. Qxh4+ 1-0

[Event "Titled Tuesday intern op 11th Feb Early"]
[Site "Chess.com INT"]
[Date "2025.02.11"]
[Round "7"]
[White "Henriquez Villagra, Cristobal"]
[Black "Drygalov, Andrey"]
[Result "0-1"]
[WhiteElo "2597"]
[BlackElo "2457"]
[PlyCount "98"]
[EventDate "2025.02.11"]
[EventType "swiss (blitz)"]
[EventRounds "11"]
[EventCountry "USA"]
[SourceTitle "CB09_2025"]
[SourceDate "2025.02.27"]
[SourceVersion "1"]
[SourceVersionDate "2025.02.27"]
[SourceQuality "1"]

1. e4 c5 2. Nf3 d6 3. Bb5+ Bd7 4. a4 Nf6 5. Nc3 Nc6 6. 0-0 g6 7. d4 cxd4 8. Nxd4 Bg7 9. Nxc6 Bxc6 10. Qe2 0-0 11. Rd1 Qc7 12. Bg5 a6 13. Bc4 Rac8 14. Bb3 Rfe8 15. Nd5 Bxd5 16. exd5 Nd7 17. c3 Qb6 18. Ba2 Nc5 19. Bc4 Nd7 20. Be3 Qc7 21. Ba2 Nc5 22. a5 h5 23. h3 Kh7 24. Bb1 Kg8 25. Ra3 Bf6 26. Ba2 Nd7 27. Qf3 Kg7 28. g4 hxg4 29. hxg4 Ne5 30. Qg2 g5 31. Ra4 Rh8 32. Bb1 Rh4 33. Bf5 Rch8 34. Bb6 Qb8 35. Kf1 Qe8 36. Rb4 Rh2 37. Qe4 R8h3 38. Ke2 Rf3 39. Qxf3 Nxf3 40. Kxf3 Qh8 41. Ke2 Qh3 42. Rg1 Rh1 43. Rxh1 Qxh1 44. c4 e6 45. dxe6 fxe6 46. Bd3 Qg2 47. c5 Be7 48. Bc7 dxc5 49. Rxb7 Qxb7 0-1

[Event "Titled Tuesday intern op 11th Feb Early"]
[Site "Chess.com INT"]
[Date "2025.02.11"]
[Round "5"]
[White "Salinas Herrera, Pablo Patricio"]
[Black "Drygalov, Andrey"]
[Result "1-0"]
[WhiteElo "2463"]
[BlackElo "2457"]
[PlyCount "205"]
[EventDate "2025.02.11"]
[EventType "swiss (blitz)"]
[EventRounds "11"]
[EventCountry "USA"]
[SourceTitle "CB09_2025"]
[SourceDate "2025.02.27"]
[SourceVersion "1"]
[SourceVersionDate "2025.02.27"]
[SourceQuality "1"]

1. e4 c5 2. Nf3 d6 3. d4 cxd4 4. Nxd4 Nf6 5. Nc3 a6 6. Be2 e5 7. Nf3 Be7 8. Bg5 Be6 9. Bxf6 Bxf6 10. 0-0 0-0 11. Nd5 Nd7 12. Bc4 Nb6 13. Nxb6 Qxb6 14. Bb3 Rac8 15. Qd3 Rfd8 16. Rfd1 Qc6 17. c3 a5 18. Bd5 Qb6 19. Rab1 Rc5 20. Bxe6 fxe6 21. Nd2 d5 22. Qe2 a4 23. a3 Qa6 24. Qg4 Qc6 25. Nf1 d4 26. cxd4 exd4 27. Rd2 e5 28. Rbd1 Qd7 29. Qf3 Bg5 30. Re2 Rf8 31. Qd3 Qb5 32. g3 Qxd3 33. Rxd3 Rc1 34. Kg2 b5 35. h4 Bf6 36. Nh2 h5 37. Nf3 Rfc8 38. Rdd2 Rb1 39. Ne1 Rcc1 40. Nd3 Rg1+ 41. Kf3 Kf7 42. Rc2 Rgd1 43. Red2 Rxd2 44. Rxd2 Ke6 45. Rc2 Kd6 46. Nb4 g5 47. Rc6+ Kd7 48. Rxf6 g4+ 49. Kg2 Rxb2 50. Nd3 Rb3 51. Nc5+ Ke7 52. Rb6 Rb1 53. Nd3 Kd7 54. Nxe5+ Kc7 55. Rc6+ Kb7 56. Rd6 b4 57. axb4 a3 58. Rd7+ Ka6 59. Nc6 Kb6 60. Nxd4 Rd1 61. Rd6+ Kc7 62. Ra6 Rxd4 63. Rxa3 Rxe4 64. Ra5 Rxb4 65. Rxh5 Kd6 66. Rf5 Ke6 67. Rf4 Rb3 68. Rxg4 Kf5 69. Rf4+ Kg6 70. Kh3 Kh6 71. Kg4 Rb2 72. Rf6+ Kg7 73. Rf5 Rb3 74. f3 Rb4+ 75. f4 Rb3 76. h5 Kh6 77. Rf6+ Kh7 78. Re6 Kg7 79. Kh4 Rb5 80. g4 Rc5 81. f5 Kh7 82. Kg5 Kg7 83. Re7+ Kg8 84. Ra7 Rc6 85. h6 Kh8 86. Kh5 Rc5 87. Kg6 Rc8 88. g5 Rg8+ 89. Kh5 Rf8 90. f6 Rc8 91. Re7 Kg8 92. Kg6 Kh8 93. Kf5 Rc5+ 94. Re5 Rc8 95. g6 Rb8 96. Kg5 Rc8 97. Kf4 Rc4+ 98. Re4 Rc8 99. Kf5 Kg8 100. Re8+ Rxe8 101. f7+ Kf8 102. fxe8Q+ Kxe8 103. h7 1-0

[Event "Titled Tuesday intern op 04th Feb Early"]
[Site "Chess.com INT"]
[Date "2025.02.04"]
[Round "3"]
[White "Drygalov, Andrey"]
[Black "Harshavardhan, GB."]
[Result "1-0"]
[WhiteElo "2457"]
[BlackElo "2417"]
[PlyCount "143"]
[EventDate "2025.02.04"]
[EventType "swiss (blitz)"]
[EventRounds "11"]
[EventCountry "USA"]
[SourceTitle "CB07_2025"]
[SourceDate "2025.02.12"]
[SourceVersion "1"]
[SourceVersionDate "2025.02.12"]
[SourceQuality "1"]

1. e4 e5 2. Nf3 Nc6 3. Bc4 Nf6 4. d3 Be7 5. 0-0 0-0 6. Re1 d6 7. a4 Kh8 8. a5 a6 9. Nc3 Bg4 10. h3 Bh5 11. Be3 Nb4 12. Bb3 Qc8 13. Kh2 c6 14. d4 Bxf3 15. Qxf3 exd4 16. Bxd4 c5 17. Be3 Nd7 18. Qg3 Ne5 19. f4 Nec6 20. Nd5 Qd8 21. Re2 Nxd5 22. Bxd5 Nxa5 23. Rd1 Nc6 24. c3 Qc7 25. Red2 Rad8 26. Qf2 b6 27. Qf3 Nb8 28. Bf2 Nd7 29. Bg3 Rde8 30. Re2 Nf6 31. Ba2 c4 32. e5 Ng8 33. e6 b5 34. exf7 Rxf7 35. Bb1 Ref8 36. Rde1 Bd8 37. Re6 g6 38. f5 Be7 39. Bf4 gxf5 40. Qg3 Qd7 41. Qf2 Rg7 42. Be3 Rg6 43. Bd4+ Bf6 44. Rxf6 Rgxf6 45. Bxf5 Qg7 46. g4 Nh6 47. Qf4 Nxf5 48. gxf5 Qf7 49. Re6 Qg7 50. Qh4 Rxf5 51. Bxg7+ Kxg7 52. Re7+ R8f7 53. Rxf7+ Rxf7 54. Qg3+ Kh8 55. Qxd6 Kg7 56. Qe5+ Kg8 57. h4 h6 58. Qe6 Kh7 59. Qxa6 Kg7 60. Kg3 Rf5 61. Qb7+ Kg6 62. Qc6+ Kg7 63. Qd7+ Kf6 64. Qd6+ Kg7 65. Kg4 Rf2 66. Qd7+ Rf7 67. Qxb5 Kg6 68. Qxc4 h5+ 69. Kg3 Rf5 70. Qe4 Kh6 71. Qxf5 Kg7 72. Qe6 1-0

[Event "Titled Tuesday intern op 04th Feb Early"]
[Site "Chess.com INT"]
[Date "2025.02.04"]
[Round "1"]
[White "Drygalov, Andrey"]
[Black "Musial, Igor"]
[Result "1-0"]
[WhiteElo "2457"]
[BlackElo "2289"]
[PlyCount "63"]
[EventDate "2025.02.04"]
[EventType "swiss (blitz)"]
[EventRounds "11"]
[EventCountry "USA"]
[SourceTitle "CB07_2025"]
[SourceDate "2025.02.12"]
[SourceVersion "1"]
[SourceVersionDate "2025.02.12"]
[SourceQuality "1"]

1. e4 c5 2. Nf3 d6 3. Bb5+ Bd7 4. Bxd7+ Nxd7 5. Qe2 Ngf6 6. c3 e6 7. d4 cxd4 8. cxd4 d5 9. e5 Ne4 10. 0-0 Be7 11. Ne1 Qb6 12. Be3 Bg5 13. Nd3 Bxe3 14. Qxe3 h6 15. f3 Ng5 16. Nc3 0-0 17. f4 Ne4 18. Nxe4 dxe4 19. Qxe4 Rfd8 20. Rad1 Rac8 21. Kh1 Rc2 22. f5 exf5 23. Qxf5 Qe6 24. Qf3 Nb6 25. Nc5 Qg6 26. Nxb7 Rd5 27. Nd6 Rxb2 28. Nxf7 Ra5 29. e6 Qxe6 30. Rde1 Qg6 31. Re8+ Kh7 32. Rh8# 1-0

[Event "Titled Tuesday intern op 07th Jan Early"]
[Site "Chess.com INT"]
[Date "2025.01.07"]
[Round "11"]
[White "Samunenkov, Igor"]
[Black "Drygalov, Andrey"]
[Result "1/2-1/2"]
[WhiteElo "2541"]
[BlackElo "2457"]
[PlyCount "265"]
[EventDate "2025.01.07"]
[EventType "swiss (blitz)"]
[EventRounds "11"]
[EventCountry "USA"]
[SourceTitle "CB03_2025"]
[SourceDate "2025.01.15"]
[SourceVersion "1"]
[SourceVersionDate "2025.01.15"]
[SourceQuality "1"]

1. d4 Nf6 2. c4 e6 3. Nf3 a6 4. Nc3 d5 5. cxd5 exd5 6. Bg5 Be6 7. e3 Nbd7 8. Bd3 c6 9. 0-0 Bd6 10. Bf4 Qc7 11. Bxd6 Qxd6 12. Qb3 0-0 13. a4 a5 14. Qa3 Qxa3 15. Rxa3 Ne8 16. Ng5 h6 17. Nh7 Nd6 18. Nxf8 Kxf8 19. Raa1 g5 20. f3 Kg7 21. e4 Nb6 22. e5 Nf5 23. Ne2 Nc4 24. Ra2 c5 25. Bxf5 Bxf5 26. dxc5 Bd3 27. Re1 Rc8 28. Nc1 Bb1 29. Ra1 Bc2 30. Re2 Bd1 31. Re1 Bc2 32. b3 Nd2 33. Ra2 Rxc5 34. Rb2 d4 35. Kf2 Nb1 36. Ne2 d3 37. Nd4 Nc3 38. Nxc2 dxc2 39. Rxc2 Nd1+ 40. Rxd1 Rxc2+ 41. Kg3 Rc3 42. Rd5 Rxb3 43. Rxa5 Rb4 44. Rb5 Rxa4 45. Rxb7 Kg6 46. Rb6+ Kg7 47. Rb5 Kg6 48. Rb6+ Kg7 49. h3 Rc4 50. Kf2 Rc2+ 51. Kg1 Rc4 52. Rb2 Kg6 53. Rb6+ Kg7 54. g3 Rc2 55. f4 gxf4 56. gxf4 Re2 57. Rf6 h5 58. Rf5 Kg6 59. Rg5+ Kh6 60. h4 Rd2 61. Rf5 Kg6 62. Rf6+ Kg7 63. Rf5 Kg6 64. Rg5+ Kh6 65. Kf1 Rh2 66. Rf5 Kg6 67. Rf6+ Kg7 68. Kg1 Rxh4 69. Kg2 Rg4+ 70. Kh3 Rg1 71. Kh4 Rh1+ 72. Kg3 Rg1+ 73. Kh3 Rh1+ 74. Kg2 Rh4 75. Kg3 Rg4+ 76. Kh3 Rg1 77. Kh4 Rh1+ 78. Kg3 Rg1+ 79. Kf2 Rh1 80. Rf5 Kg6 81. Rg5+ Kh6 82. Kg2 Rd1 83. Rg8 Rd2+ 84. Kh3 Rd1 85. Rh8+ Kg6 86. f5+ Kxf5 87. Rxh5+ Ke6 88. Kg2 Re1 89. Kf2 Rxe5 90. Rh3 f6 91. Ra3 Kf5 92. Rf3+ Kg6 93. Rg3+ Rg5 94. Ra3 Rg4 95. Kf3 Kg5 96. Ra5+ f5 97. Ra3 Rb4 98. Kf2 Rb2+ 99. Kf1 Kg4 100. Rc3 Rb4 101. Ra3 Re4 102. Rb3 Kf4 103. Kf2 Rd4 104. Rf3+ Kg4 105. Rg3+ Kh5 106. Rh3+ Kg5 107. Rg3+ Rg4 108. Ra3 Rb4 109. Rg3+ Kh4 110. Ra3 Rb2+ 111. Kf3 Kg5 112. Rc3 Rd2 113. Ra3 Rh2 114. Kg3 Rd2 115. Kf3 Rd4 116. Rb3 Rh4 117. Rb8 Rh3+ 118. Kg2 Rc3 119. Rb4 Rd3 120. Kf2 Rh3 121. Kg2 Rh4 122. Rb3 Rc4 123. Kf3 Rd4 124. Ra3 Rh4 125. Ra8 Rh3+ 126. Kg2 Rc3 127. Ra4 f4 128. Ra8 Rc2+ 129. Kf3 Rc3+ 130. Kf2 Rc2+ 131. Kf3 Rc3+ 132. Kf2 Rc2+ 133. Kf3 1/2-1/2

[Event "RUS-chT Rapid"]
[Site "Sochi"]
[Date "2024.10.19"]
[Round "9.19"]
[White "Drygalov, Andrey"]
[Black "Shogdzhiev, Roman Sav"]
[Result "1/2-1/2"]
[WhiteElo "2457"]
[BlackElo "2136"]
[PlyCount "127"]
[EventDate "2024.10.18"]
[EventType "team-swiss (rapid)"]
[EventRounds "9"]
[EventCountry "RUS"]
[SourceTitle "CB43_2024"]
[Source "Chessbase"]
[SourceDate "2024.10.23"]
[SourceVersion "1"]
[SourceVersionDate "2024.10.23"]
[SourceQuality "1"]
[WhiteTeam "Sverdlovsk ShakhMatOff"]
[BlackTeam "Moscow Botvinnik School"]
[WhiteTeamCountry "RUS"]
[BlackTeamCountry "RUS"]

1. e4 c5 2. Nf3 d6 3. Bb5+ Nd7 4. 0-0 a6 5. Bxd7+ Bxd7 6. c3 Nf6 7. Re1 e6 8. d4 cxd4 9. cxd4 d5 10. e5 Ne4 11. Nfd2 Nxd2 12. Bxd2 Qb6 13. Bc3 Be7 14. Qg4 0-0 15. Nd2 Qb5 16. Re3 f5 17. exf6 Bxf6 18. Qg3 Qb6 19. Nf3 Ba4 20. Rae1 Rae8 21. Qh3 Bd7 22. a3 Rf7 23. Qg3 Qb3 24. R3e2 Qc4 25. Re3 Qb3 26. R3e2 Qc4 27. Rd2 Rc8 28. Bb4 Kh8 29. h3 Re8 30. Bd6 Qc8 31. Kh2 Qd8 32. Rc2 Kg8 33. Rc7 Bc6 34. Rxf7 Kxf7 35. Be5 Qe7 36. Qg4 Rc8 37. h4 Bd7 38. Re2 Kg8 39. Qg3 Be8 40. Bxf6 Qxf6 41. Ng5 Bf7 42. Qe3 h6 43. Nf3 Bh5 44. Qxe6+ Qxe6 45. Rxe6 Bxf3 46. gxf3 Rc2 47. Rb6 Rxf2+ 48. Kg3 Rd2 49. Rxb7 Rxd4 50. Ra7 Ra4 51. h5 Kf8 52. f4 d4 53. Kf3 d3 54. Ke3 Rd4 55. Kd2 Rxf4 56. Kxd3 Ra4 57. Kc3 Ra5 58. Kd4 Kg8 59. Ke4 Kf8 60. Kd4 Kg8 61. Kc4 Kf8 62. Kd4 Kg8 63. Ke4 Kf8 64. Kd4 1/2-1/2